|
|
|
|
| LEADER |
01867nam a22002897a 4500 |
| 001 |
28107 |
| 003 |
BD-DhAAL |
| 005 |
20150923020003.0 |
| 008 |
140707s2012 bg ||||| |||| 00| 0 eng d |
| 020 |
|
|
|a 984180064X
|
| 040 |
|
|
|a BD-DhAAL
|c BD-DhAAL
|
| 082 |
|
|
|2 23
|a 833.912
|
| 100 |
|
|
|a হেস, হেরমান
|9 5313
|
| 245 |
|
|
|a হেরমান হেস সিদ্ধার্থ /
|c অনুবাদ, জাফর আলম
|
| 260 |
|
|
|a ঢাকা :
|b বিশ্বসাহিত্য কেন্দ্র,
|c ২০১২
|
| 300 |
|
|
|a ৯৬ পৃ. :
|c ২১ সে. মি.
|
| 541 |
|
|
|e 28107
|
| 650 |
|
|
|a Hesse, Hermann, 1877-1962
|x Translations into English.
|9 5314
|
| 700 |
|
|
|a আলম, জাফর
|9 5315
|
| 852 |
|
|
|a Ayesha Abed Library
|c General Stacks
|
| 942 |
|
|
|2 ddc
|c BK
|0 2
|
| 999 |
|
|
|c 32846
|d 32846
|
| 952 |
|
|
|0 0
|1 0
|2 ddc
|4 0
|6 833_912000000000000_HES
|7 0
|9 42989
|a BRACUL
|b BRACUL
|c GEN
|d 2014-07-07
|e Development Book Agency
|g 120.00
|l 9
|m 78
|o 833.912 HES
|p 3010028107
|r 2023-08-07
|s 2023-02-26
|t 1
|w 2014-07-07
|y BK
|
| 952 |
|
|
|0 0
|1 0
|2 ddc
|4 0
|6 833_912000000000000_HES
|7 0
|9 42990
|a BRACUL
|b BRACUL
|c GEN
|d 2014-07-07
|e Development Book Agency
|g 120.00
|l 8
|m 16
|o 833.912 HES
|p 3010028108
|r 2026-04-19
|s 2026-04-16
|t 2
|w 2014-07-07
|y BK
|
| 952 |
|
|
|0 0
|1 0
|2 ddc
|4 0
|6 833_912000000000000_HES
|7 0
|9 42991
|a BRACUL
|b BRACUL
|c GEN
|d 2014-07-07
|e Development Book Agency
|g 120.00
|l 8
|m 36
|o 833.912 HES
|p 3010028109
|r 2025-05-05
|s 2025-03-13
|t 3
|w 2014-07-07
|y BK
|
| 952 |
|
|
|0 0
|1 0
|2 ddc
|4 0
|6 833_912000000000000_HES
|7 0
|9 42992
|a BRACUL
|b BRACUL
|c GEN
|d 2014-07-07
|e Development Book Agency
|g 120.00
|l 10
|m 73
|o 833.912 HES
|p 3010028110
|r 2024-09-01
|s 2024-06-29
|t 4
|w 2014-07-07
|y BK
|
| 952 |
|
|
|0 0
|1 2
|2 ddc
|4 0
|6 833_912000000000000_HES
|7 0
|9 43107
|a BRACUL
|b BRACUL
|c GEN
|d 2014-07-14
|e Development Book Agency
|g 120.00
|l 4
|m 12
|o 833.912 HES
|p 3010028106
|q 2019-04-15
|r 2017-11-16
|s 2017-11-16
|t 5
|w 2014-07-14
|y BK
|